Normal view
MARC view
- Marri (Pakistani people)
Entry Topical Term
001 - CONTROL NUMBER
- control field: 4624
003 - CONTROL NUMBER IDENTIFIER
- control field: NUST
005 - DATE AND TIME OF LATEST TRANSACTION
- control field: 20170918115804.0
008 - FIXED-LENGTH DATA ELEMENTS
- fixed length control field: 170918|| aca||aabn | a|a d
040 ## - CATALOGING SOURCE
- Original cataloging agency: NUST
- Transcribing agency: NUST
150 ## - HEADING--TOPICAL TERM
- Topical term or geographic name entry element: Marri (Pakistani people)
- General subdivision: History.
670 ## - SOURCE DATA FOUND
- Source citation: Work cat.: (NUST)0: 880-01 Aʻẓam, Kāmrān, 1976- 4623, Marī qabīlah :, 2012.
